00563 2200217 4500001002100000005001700021008004100038035002400079040001200103082000800115090001900123100001700142245004500159250001000204260003100214300002400245500002600269650001800295850001200313990002000325YOGYA-0209000005794020090227034318.0 ind  0010-020900000057940 aYOPDYOG a241 aDEP 241bHar T aHARJANA, A.M a7 perusak pribadi manusiacA.M. Hardjana aCet.1 aYogyakartabKanisiusc1992 a65 hlmbilusc19 cm aBibliografi : hlm. 65 aTeologi moral aYOPDYOG a1992-19hCB-D.11